000 00295nam a22001337a 4500
008 170315b xxu||||| |||| 00| 0 eng d
020 _a9780471420811
041 _aeng
080 _a611
100 _a7
101 _aSHM
245 _aPRINCIPLES OF HUMAN ANATOMY
_cTORTORA.G.J
942 _2udc
_cBK
999 _c7907
_d7907